[Event "53rd World U20 ch"]
[Site "Pune IND"]
[Date "2014.10.12"]
[Round "7.56"]
[White "Raja, Harshit"]
[Black "Dhulipalla, Bala Chandra Prasad"]
[Result "1-0"]
[WhiteElo "2000"]
[BlackElo "2118"]
[EventDate "2014.10.06"]
[PlyCount "49"]

1.e4 e6 2.d4 d5 3.Nd2 c5 4.c3 cxd4 5.cxd4 dxe4 6.Nxe4 Nf6 7.Nc3 Be7 8.Nf3 
O-O 9.Bd3 Nc6 10.a3 b6 11.O-O Bb7 12.Bc2 Qc7 13.Be3 Rfd8 14.Qe2 Ng4 15.g3 
Rac8 16.Rad1 Ba8 17.d5 exd5 18.Bf4 Qd7 19.Nxd5 Qe6 20.Qd3 g6 21.Rfe1 Nce5 
22.Nxe5 Rxd5 23.Bb3 Nxe5 24.Bxd5 Nxd3 25.Rxe6 1-0

[Event "53rd World U20 ch"]
[Site "Pune IND"]
[Date "2014.10.12"]
[Round "7.57"]
[White "Nader, Mohamed"]
[Black "Senthil, Maran K."]
[Result "1/2-1/2"]
[WhiteElo "2098"]
[BlackElo "2043"]
[EventDate "2014.10.06"]
[PlyCount "211"]

1.d4 d5 2.Nf3 Nf6 3.e3 c5 4.c3 e6 5.Bd3 Bd6 6.Nbd2 Nc6 7.O-O O-O 8.dxc5 
Bxc5 9.e4 Qc7 10.Qe2 h6 11.Bc2 Bd7 12.e5 Ng4 13.Nb3 Be7 14.Re1 f6 15.Qd3 
Ncxe5 16.Qh7+ Kf7 17.Nxe5+ Nxe5 18.Rxe5 fxe5 19.Qg6+ Kg8 20.Bxh6 Bf6 21.
Qh7+ Kf7 22.Bg6+ Ke7 23.Bxg7 Bxg7 24.Qxg7+ Kd6 25.Re1 e4 26.Bxe4 Rg8 27.
Qd4 Qb6 28.Qxb6+ axb6 29.Bb1 e5 30.a3 Bh3 31.g3 Raf8 32.Bd3 Rf6 33.Bf1 Bd7
34.Bg2 Rgf8 35.Re2 Ba4 36.Nc1 Bc6 37.Rd2 Ke6 38.Nd3 Re8 39.Nb4 e4 40.Nc2 
Ke5 41.Ne3 Rd6 42.h4 Bd7 43.Kh2 Rf8 44.Bh3 Bxh3 45.Kxh3 Rf3 46.Kg2 Rf8 47.
g4 Rf3 48.g5 Rd8 49.Rd4 b5 50.h5 Kf4 51.g6 Kg5 52.g7 Kh6 53.Rxd5 Rxd5 54.
g8=Q Rg5+ 55.Ng4+ Kxh5 56.Qh7+ Kxg4 57.Qxe4+ Rf4 58.Qxb7 Rgf5 59.Qg7+ Kh5 
60.Qa7 Re5 61.b3 Kg6 62.Kg3 Rff5 63.f3 Rd5 64.Qb7 Rd3 65.Qc6+ Kg5 66.Kf2 
Rdd5 67.c4 Rc5 68.Qe6 bxc4 69.bxc4 Rfe5 70.Qg8+ Kf6 71.f4 Rh5 72.Kf3 Ra5 
73.Ke4 Rhc5 74.a4 Ke7 75.Kd4 Rf5 76.Qb8 Kd7 77.Qb7+ Kd8 78.Qe4 Rh5 79.Kc3 
Rxa4 80.f5 Ra5 81.f6 Raf5 82.Qe7+ Kc8 83.f7 Rh3+ 84.Kb4 Rhf3 85.c5 Rxf7 
86.Qe8+ Kc7 87.Qe5+ Kc8 88.Kb5 R3f6 89.Qe8+ Kc7 90.Qa8 Rf1 91.Qe4 R1f5 92.
Qc6+ Kb8 93.Qe8+ Kb7 94.Qe4+ Kc7 95.Qa8 Rf1 96.Qa7+ Kc8 97.Qa6+ Kb8 98.
Qd6+ Kc8 99.Qe6+ Kc7 100.Qe5+ Kc8 101.Kb6 R1f6+ 102.c6 Rb7+ 103.Kc5 Rbf7 
104.Qe8+ Kc7 105.Qe5+ Kc8 106.Qe8+ 1/2-1/2

[Event "53rd World U20 ch"]
[Site "Pune IND"]
[Date "2014.10.12"]
[Round "7.58"]
[White "Kumar, Gaurav"]
[Black "Deepthamsh, Reddy M."]
[Result "1/2-1/2"]
[WhiteElo "1945"]
[BlackElo "2071"]
[EventDate "2014.10.06"]
[PlyCount "86"]

1.e4 e6 2.d4 d5 3.Nd2 Nf6 4.e5 Nfd7 5.Bd3 c5 6.c3 Nc6 7.Ne2 cxd4 8.cxd4 f6
9.exf6 Qxf6 10.Nf3 h6 11.h4 Bd6 12.h5 O-O 13.Be3 e5 14.Qb3 Qe6 15.dxe5 
Bb4+ 16.Kf1 Nc5 17.Qc2 Nxd3 18.Qxd3 Nxe5 19.Nxe5 Qxe5 20.Qd4 Qxd4 21.Bxd4 
b6 22.f3 Ba6 23.Kf2 Rae8 24.Ng3 Rc8 25.Rac1 Bd2 26.Rxc8 Rxc8 27.Nf5 Rc4 
28.Rd1 Rc2 29.Kg3 Be2 30.Rh1 Bd3 31.Ne7+ Kf7 32.Nxd5 Bc4 33.Ne3 Bxe3 34.
Bxe3 Rxb2 35.Rc1 b5 36.Bxa7 Rxa2 37.Bc5 Re2 38.Ra1 Ba2 39.Rc1 Bc4 40.Ra1 
Ba2 41.Rc1 g6 42.hxg6+ Kxg6 43.Rd1 Re6 1/2-1/2

[Event "53rd World U20 ch"]
[Site "Pune IND"]
[Date "2014.10.12"]
[Round "7.59"]
[White "Aradhya, Garg"]
[Black "Grahesh, Y."]
[Result "1/2-1/2"]
[WhiteElo "2068"]
[BlackElo "1919"]
[EventDate "2014.10.06"]
[PlyCount "90"]

1.d4 c5 2.d5 d6 3.e4 g6 4.Nc3 Nf6 5.Nf3 Bg7 6.Be2 Na6 7.O-O Nc7 8.a4 a6 9.
Nd2 Bd7 10.Nc4 b5 11.e5 dxe5 12.axb5 Nxb5 13.Nxe5 Nxc3 14.bxc3 Ne4 15.Qd3 
Bf5 16.f4 Nf6 17.Qc4 O-O 18.Bf3 Qd6 19.Be3 Nd7 20.g4 Bxe5 21.gxf5 Bf6 22.
Ra5 gxf5 23.Rfa1 Rfb8 24.Rxa6 Rxa6 25.Rxa6 Rb6 26.Rxb6 Qxb6 27.Qd3 c4 28.
Qd2 Qb1+ 29.Kg2 Nf8 30.Qe2 Bxc3 31.Qxc4 Qxc2+ 32.Kh3 Qb2 33.Qc8 Bd4 34.Qc1
Qxc1 35.Bxc1 Nd7 36.Bd1 Kg7 37.Ba3 Kf6 38.Ba4 Nc5 39.Bxc5 Bxc5 40.Kg3 Bd6 
41.h3 h5 42.Bd1 h4+ 43.Kf3 Kg7 44.Bc2 Kf6 45.Bd3 Bc7 1/2-1/2

[Event "53rd World U20 ch"]
[Site "Pune IND"]
[Date "2014.10.12"]
[Round "7.60"]
[White "Vandewiele, Emiel"]
[Black "Stamos, Filippos"]
[Result "1-0"]
[WhiteElo "1882"]
[BlackElo "2076"]
[EventDate "2014.10.06"]
[PlyCount "77"]

1.c4 c5 2.Nc3 Nc6 3.g3 g6 4.Bg2 Bg7 5.d3 d6 6.e3 e5 7.Nge2 Nge7 8.O-O O-O 
9.a3 a5 10.b3 Be6 11.Nd5 e4 12.Nxe7+ Qxe7 13.Rb1 exd3 14.Nf4 Bf5 15.Nd5 
Qd8 16.Bb2 Re8 17.Bxg7 Kxg7 18.Rb2 a4 19.g4 Be6 20.bxa4 Ne5 21.Rxb7 Rb8 
22.Rxb8 Qxb8 23.Qa1 Bxd5 24.Bxd5 Kg8 25.Qd1 Qd8 26.f4 Nd7 27.Qxd3 Qh4 28.
g5 Rb8 29.Qe4 Qh3 30.Qe7 Qf5 31.Kh1 Rb1 32.Rxb1 Qxb1+ 33.Kg2 Qf5 34.Kg3 h5
35.h3 Kg7 36.a5 Nb8 37.Qf6+ Qxf6 38.gxf6+ Kxf6 39.Bb7 1-0

[Event "53rd World U20 ch"]
[Site "Pune IND"]
[Date "2014.10.12"]
[Round "7.61"]
[White "Saim, Mohamed Ilias"]
[Black "Ajay Krishna, S"]
[Result "0-1"]
[WhiteElo "2040"]
[BlackElo "2072"]
[EventDate "2014.10.06"]
[PlyCount "106"]

1.e4 c5 2.Nf3 g6 3.d4 cxd4 4.Nxd4 Nf6 5.f3 Bg7 6.c4 Qb6 7.Nc2 Nc6 8.Nc3 
O-O 9.Be2 d6 10.Ne3 Be6 11.O-O Bh6 12.f4 Na5 13.Kh1 Qb4 14.Bd2 Qxb2 15.Rb1
Qa3 16.Rb5 Nc6 17.Nc2 Qa6 18.f5 Bxd2 19.Qxd2 Bd7 20.g4 Ne5 21.g5 Nfg4 22.
Rb4 e6 23.f6 Qc6 24.h3 a5 25.Rb3 Nxc4 26.Bxc4 Qxc4 27.hxg4 Qxf1+ 28.Kh2 
Bc6 29.Rb1 Qf3 30.Rg1 e5 31.Rg3 Qf4 32.Qg2 Qxg5 33.Rf3 d5 34.exd5 e4 35.
Rh3 Bxd5 36.Ne3 Bc6 37.Ne2 Qxf6 38.g5 Qe5+ 39.Kg1 Rad8 40.Ng4 Rd1+ 41.Kf2 
Qf5+ 42.Kg3 Rd3+ 43.Kh4 Rxh3+ 44.Qxh3 Qf3 45.Ng3 f5 46.Nh6+ Kg7 47.Qh2 
Qf4+ 48.Kh3 Qxg5 49.Qb2+ Kxh6 50.a4 Qg4+ 51.Kh2 Qh4+ 52.Kg2 e3+ 53.Kf1 
Qh3+ 0-1

[Event "53rd World U20 ch"]
[Site "Pune IND"]
[Date "2014.10.12"]
[Round "7.62"]
[White "Godbole, Atharva"]
[Black "Horton, Jamie"]
[Result "1-0"]
[WhiteElo "2009"]
[BlackElo "2064"]
[EventDate "2014.10.06"]
[PlyCount "55"]

1.e4 c5 2.Nf3 e6 3.d4 cxd4 4.Nxd4 a6 5.Bd3 Bc5 6.Nb3 Be7 7.Qg4 g6 8.Qe2 d6
9.a4 b6 10.O-O Nd7 11.Be3 Ngf6 12.f4 Bb7 13.N1d2 O-O 14.g4 d5 15.e5 Ne4 
16.Bd4 Ndc5 17.f5 exf5 18.gxf5 Re8 19.Qf3 Ng5 20.Qg2 Bf8 21.Rae1 Bc8 22.e6
fxe6 23.fxg6 e5 24.gxh7+ Kg7 25.Rxe5 Rxe5 26.Bxe5+ Kh6 27.h8=Q+ Nh7 28.
Qxh7# 1-0

[Event "53rd World U20 ch"]
[Site "Pune IND"]
[Date "2014.10.12"]
[Round "7.63"]
[White "Manush, Shah"]
[Black "Krishna Teja, N."]
[Result "1/2-1/2"]
[WhiteElo "2038"]
[BlackElo "2049"]
[EventDate "2014.10.06"]
[PlyCount "43"]

1.d4 Nf6 2.c4 c5 3.d5 b5 4.cxb5 a6 5.bxa6 g6 6.Nc3 Bxa6 7.g3 d6 8.Bg2 Bg7 
9.h4 Nbd7 10.Nh3 Qa5 11.Nf4 h6 12.Qc2 Ne5 13.b3 Ne4 14.Bxe4 Nd3+ 15.Kd2 
Nxf2 16.Bb2 Qb4 17.Bxg6 fxg6 18.Qxg6+ Kd7 19.Qf5+ Ke8 20.Qg6+ Kd7 21.Qf5+ 
Ke8 22.Qg6+ 1/2-1/2

[Event "53rd World U20 ch"]
[Site "Pune IND"]
[Date "2014.10.12"]
[Round "7.64"]
[White "Sai Agni Jeevitesh, J."]
[Black "Taalaibekov, Tagir"]
[Result "1/2-1/2"]
[WhiteElo "2068"]
[BlackElo "1948"]
[EventDate "2014.10.06"]
[PlyCount "109"]

1.d4 Nf6 2.Nf3 e6 3.e3 b6 4.Bd3 Bb7 5.O-O d5 6.b3 Nbd7 7.Bb2 Be7 8.Nbd2 
O-O 9.Ne5 c5 10.Qf3 Ne8 11.g4 Nd6 12.Qg3 Ne4 13.Nxe4 dxe4 14.Bc4 Nxe5 15.
dxe5 a6 16.Rfd1 Qc7 17.a4 Rfd8 18.Qg2 Rxd1+ 19.Rxd1 Rd8 20.Qf1 g6 21.Kg2 
Bf8 22.h4 a5 23.Kg3 Bg7 24.Rxd8+ Qxd8 25.Bc3 Qc7 26.Kf4 h6 27.g5 Qd8 28.
Qe1 Bf8 29.Qd2 Qc7 30.Bb2 Be7 31.Bf1 hxg5+ 32.hxg5 f6 33.gxf6 Bxf6 34.Bc4 
Kf7 35.Bb5 Be7 36.Qd1 Qc8 37.Qh1 Bf8 38.Qh7+ Bg7 39.Bc4 Qd7 40.Bc3 Bc6 41.
Be2 Bd5 42.Bb5 Qe7 43.Be1 Kf8 44.Kg4 Qf7 45.Be2 Qf5+ 46.Kg3 Qxe5+ 47.Kg2 
Qg5+ 48.Kf1 Qh6 49.Qxh6 Bxh6 50.c4 Bc6 51.Bg4 Bd7 52.Bc3 Bg7 53.Bxg7+ Kxg7
54.Kg2 Kf6 55.Kg3 1/2-1/2

[Event "53rd World U20 ch"]
[Site "Pune IND"]
[Date "2014.10.12"]
[Round "7.67"]
[White "Raivath, Mallela"]
[Black "Wagh, Suyog"]
[Result "0-1"]
[WhiteElo "1070"]
[BlackElo "2001"]
[EventDate "2014.10.06"]
[PlyCount "66"]

1.d4 d5 2.c4 c6 3.Nc3 Nf6 4.e3 a6 5.Bd3 dxc4 6.Bxc4 b5 7.Bd3 Bb7 8.Nf3 
Nbd7 9.O-O e6 10.e4 c5 11.e5 cxd4 12.exf6 dxc3 13.bxc3 Nc5 14.Be2 Qxd1 15.
Rxd1 gxf6 16.Be3 Be7 17.Rd2 Ne4 18.Rd3 Rc8 19.Rc1 Bd5 20.a4 bxa4 21.Rd4 
Nc5 22.Nd2 Rg8 23.f3 Rb8 24.c4 Bc6 25.Rh4 Rb2 26.Rd4 Nb3 27.Nxb3 Rxe2 28.
Na5 Bxf3 29.Kf1 Rgxg2 30.Bg1 Rxg1+ 31.Kxg1 Bc5 32.Rd1 Re4 33.Nc6 Bxd1 0-1

[Event "53rd World U20 ch"]
[Site "Pune IND"]
[Date "2014.10.14"]
[Round "8.1"]
[White "Grigorian, Karen H."]
[Black "Cori Tello, Jorge"]
[Result "1-0"]
[WhiteElo "2591"]
[BlackElo "2612"]
[EventDate "2014.10.06"]
[PlyCount "113"]

1.c4 Nf6 2.Nc3 d5 3.cxd5 Nxd5 4.g3 g6 5.Bg2 Nb6 6.d4 Bg7 7.Nf3 Nc6 8.O-O 
O-O 9.e3 Re8 10.Nh4 e5 11.d5 Na5 12.e4 c6 13.a4 cxd5 14.exd5 h6 15.b4 Nac4
16.a5 Nd7 17.Be3 Nf6 18.Qb3 Nd6 19.Nf3 Bd7 20.Nd2 Nf5 21.Nc4 Nxe3 22.fxe3 
Rc8 23.Nd6 Ba4 24.Qxa4 Qxd6 25.Nb5 Qb8 26.a6 bxa6 27.Qxa6 e4 28.Rad1 Rcd8 
29.d6 Qb6 30.Qxb6 axb6 31.Bh3 Nd7 32.Bxd7 Rxd7 33.Rc1 Be5 34.Rfd1 Kg7 35.
Rc6 Rb8 36.Na3 b5 37.Rd5 Ra8 38.Nxb5 Ra1+ 39.Kf2 Ra2+ 40.Ke1 Bf6 41.Rc7 
Rd8 42.d7 Rxh2 43.Rc8 Rh1+ 44.Kf2 Rb1 45.Nd6 Rb2+ 46.Kf1 Rb1+ 47.Ke2 Be7 
48.Rxd8 Bxd8 49.Nb7 Bf6 50.b5 Rb2+ 51.Kd1 Rb3 52.d8=Q Bxd8 53.Nxd8 Rxe3 
54.b6 Rxg3 55.b7 Rb3 56.Kc2 Rb6 57.Rd1 1-0

[Event "53rd World U20 ch"]
[Site "Pune IND"]
[Date "2014.10.14"]
[Round "8.4"]
[White "Ducarmon, Quinten"]
[Black "Fedoseev, Vladimir"]
[Result "0-1"]
[WhiteElo "2487"]
[BlackElo "2661"]
[EventDate "2014.10.06"]
[PlyCount "80"]

1.e4 e5 2.Nf3 Nc6 3.Bb5 a6 4.Ba4 Nf6 5.O-O Be7 6.Re1 b5 7.Bb3 O-O 8.a4 Bb7
9.d3 d6 10.Bd2 b4 11.c3 a5 12.d4 exd4 13.cxd4 d5 14.e5 Ne4 15.Be3 Qd7 16.
Nbd2 Nd8 17.Rc1 Ra6 18.Nxe4 dxe4 19.Nd2 Rg6 20.Nf1 Re8 21.d5 Qf5 22.Bd4 c5
23.Bxc5 Qxe5 24.Ng3 Bxc5 25.Rxc5 Qg5 26.Qc1 Qh4 27.Qc4 Rg4 28.f3 Rf4 29.
Rxe4 Rexe4 30.Nxe4 Qe1+ 31.Qf1 Qe3+ 32.Qf2 Qxb3 33.Qe2 Qxa4 34.Nd6 h6 35.
Rc7 Bxd5 36.Qd2 Ne6 37.Rc8+ Kh7 38.Qxd5 Qa1+ 39.Kf2 Qxb2+ 40.Kg3 Qf6 0-1

[Event "53rd World U20 ch"]
[Site "Pune IND"]
[Date "2014.10.14"]
[Round "8.5"]
[White "Aravindh, Chithambaram"]
[Black "Oparin, Grigory"]
[Result "1/2-1/2"]
[WhiteElo "2475"]
[BlackElo "2552"]
[EventDate "2014.10.06"]
[PlyCount "69"]

1.b3 d5 2.e3 Nf6 3.Bb2 Bf5 4.Nf3 e6 5.h3 h6 6.g4 Bh7 7.Rg1 Nbd7 8.h4 h5 9.
g5 Ng4 10.Nc3 c6 11.d4 Qc7 12.Bd3 Bxd3 13.cxd3 f6 14.Qe2 O-O-O 15.O-O-O 
Qa5 16.Kb1 Bb4 17.Rc1 Rhf8 18.Rg2 Rde8 19.Ne1 e5 20.dxe5 fxe5 21.Na4 d4 
22.Nc2 Bd6 23.e4 b5 24.f3 bxa4 25.fxg4 Kc7 26.gxh5 Rb8 27.h6 gxh6 28.gxh6 
axb3 29.axb3 Rxb3 30.Na1 Rbb8 31.Qc2 Qb5 32.Nb3 Rf6 33.h7 Rf7 34.Na5 Bc5 
35.Nb3 1/2-1/2

[Event "53rd World U20 ch"]
[Site "Pune IND"]
[Date "2014.10.14"]
[Round "8.6"]
[White "Antipov, Mikhail"]
[Black "Anurag, Mhamal"]
[Result "1-0"]
[WhiteElo "2524"]
[BlackElo "2442"]
[EventDate "2014.10.06"]
[PlyCount "49"]

1.e4 c5 2.Nf3 e6 3.b3 b6 4.Bb2 Bb7 5.Qe2 Nc6 6.Nc3 d6 7.O-O-O e5 8.Nd5 Nf6
9.c4 Be7 10.g4 Qd7 11.g5 Nxd5 12.exd5 Nd4 13.Nxd4 cxd4 14.f4 Qf5 15.fxe5 
dxe5 16.Bg2 Bxg5 17.Bxd4 Bf4 18.Bxe5 O-O 19.Bc3 Bd6 20.Be4 Rfe8 21.Rde1 
Qh3 22.Qf2 Ba3+ 23.Kc2 Bc8 24.Rhg1 Bg4 25.Qd4 1-0

[Event "53rd World U20 ch"]
[Site "Pune IND"]
[Date "2014.10.14"]
[Round "8.7"]
[White "Ghosh, Diptayan"]
[Black "Kriebel, Tadeas"]
[Result "1-0"]
[WhiteElo "2508"]
[BlackElo "2428"]
[EventDate "2014.10.06"]
[PlyCount "121"]

1.Nf3 Nf6 2.c4 c5 3.g3 g6 4.Bg2 Bg7 5.O-O O-O 6.Nc3 Nc6 7.d4 cxd4 8.Nxd4 
d5 9.cxd5 Nxd5 10.Nxd5 Nxd4 11.Bg5 Nc6 12.Qa4 Be6 13.Rad1 Bxd5 14.Rxd5 Qc7
15.Rfd1 Rad8 16.Rxd8 Rxd8 17.Rxd8+ Qxd8 18.Bxc6 bxc6 19.Qxc6 Bxb2 20.Qb7 
Ba3 21.Qxa7 Qd1+ 22.Kg2 Qd5+ 23.f3 Qxa2 24.Qa6 Qe6 25.Qxa3 Qxe2+ 26.Kh3 f6
27.Bh6 Qf1+ 28.Kh4 g5+ 29.Bxg5 fxg5+ 30.Kxg5 Qb5+ 31.Kh4 Qc4+ 32.f4 Qe2 
33.h3 Qe6 34.Qc5 Qf7 35.Qh5 Qf8 36.Qd5+ Kg7 37.Qe5+ Kg8 38.Qe6+ Kg7 39.
Qe5+ Kg8 40.Qe6+ Kg7 41.Kg5 Qd8 42.h4 Qe8 43.h5 Kh8 44.g4 Kg7 45.h6+ Kf8 
46.Kh4 Qb5 47.Qc8+ Kf7 48.Qh8 Qb1 49.Qg7+ Ke8 50.Kg5 Qe4 51.Qg8+ Kd7 52.
Qf7 Kd6 53.Qf5 Qd4 54.Qxh7 Qf6+ 55.Kh5 Qxf4 56.Qf5 Qd4 57.h7 Qh8 58.Kg6 
Qd4 59.g5 Qh8 60.Kf7 Kc6 61.g6 1-0

[Event "53rd World U20 ch"]
[Site "Pune IND"]
[Date "2014.10.14"]
[Round "8.8"]
[White "Bajarani, Ulvi"]
[Black "Bai Jinshi"]
[Result "0-1"]
[WhiteElo "2496"]
[BlackElo "2406"]
[EventDate "2014.10.06"]
[PlyCount "192"]

1.d4 Nf6 2.Nf3 g6 3.g3 Bg7 4.Bg2 O-O 5.O-O d5 6.b3 c6 7.Bb2 Ne4 8.Nbd2 Bf5
9.c4 Nd7 10.Re1 Ndf6 11.e3 a5 12.Nxe4 Bxe4 13.Bf1 Bxf3 14.Qxf3 a4 15.Bd3 
axb3 16.axb3 Qb6 17.Qd1 Rxa1 18.Bxa1 Qb4 19.Re2 Ra8 20.Bb2 Ne4 21.Kg2 e6 
22.f3 Nd6 23.Qc2 dxc4 24.bxc4 c5 25.Bc3 Qb6 26.Qb2 Qxb2 27.Bxb2 b6 28.Kf2 
Rd8 29.dxc5 Bxb2 30.Rxb2 bxc5 31.f4 Kf8 32.e4 f6 33.Ke3 Ke7 34.Ra2 e5 35.
Ra5 Nb7 36.Rb5 Rd7 37.Rb6 Rc7 38.Ra6 Nd8 39.Bc2 Ne6 40.Ba4 Rb7 41.Bb5 Nc7 
42.Ra5 Kd6 43.Kd3 Rb8 44.h4 Ra8 45.Rxa8 Nxa8 46.Be8 Nb6 47.h5 gxh5 48.Bxh5
Ke7 49.Be2 Nd7 50.Bg4 Nb8 51.Bf5 h6 52.Bg4 Nc6 53.Ke3 Nd4 54.Kf2 Kf7 55.
Bh5+ Kg7 56.Ke3 Kf8 57.Kf2 Ke7 58.Kg2 Kd6 59.Bf7 Ke7 60.Bh5 Nb3 61.Be2 Kf7
62.Kf2 Kg6 63.Ke3 Nd4 64.Bg4 h5 65.Bh3 h4 66.gxh4 Kh5 67.fxe5 fxe5 68.Bd7 
Kxh4 69.Kf2 Nb3 70.Be6 Nd2 71.Ke3 Nf1+ 72.Kf2 Nh2 73.Kg2 Ng4 74.Kf3 Nf6 
75.Bc8 Ng8 76.Be6 Nf6 77.Bc8 Ne8 78.Bd7 Nd6 79.Be6 Nb7 80.Kf2 Na5 81.Kf3 
Nb3 82.Kf2 Kg5 83.Ke3 Nd4 84.Bd7 Nb3 85.Bc8 Kh4 86.Be6 Kg3 87.Bf7 Nd4 88.
Bh5 Ne6 89.Bf7 Nf4 90.Bd5 Ng2+ 91.Ke2 Kf4 92.Kf2 Nh4 93.Bc6 Nf3 94.Bd5 Nd2
95.Ke2 Nxe4 96.Kd3 Nd6 0-1

[Event "53rd World U20 ch"]
[Site "Pune IND"]
[Date "2014.10.14"]
[Round "8.9"]
[White "Indic, Aleksandar"]
[Black "Johansson, Linus"]
[Result "1/2-1/2"]
[WhiteElo "2554"]
[BlackElo "2401"]
[EventDate "2014.10.06"]
[PlyCount "81"]

1.d4 e6 2.Nf3 Nf6 3.c4 c5 4.d5 d6 5.Nc3 exd5 6.cxd5 g6 7.Bf4 a6 8.a4 Bg7 
9.h3 O-O 10.e3 Ne8 11.Be2 Nd7 12.O-O Qe7 13.Qc2 b6 14.Bh2 f5 15.Nd2 Rb8 
16.Rab1 Be5 17.b4 Bxh2+ 18.Kxh2 f4 19.exf4 Rxf4 20.g3 Rxb4 21.Rbe1 Qg7 22.
Nde4 Ne5 23.f4 Nf7 24.g4 Nf6 25.Rb1 Nxe4 26.Nxe4 Rxb1 27.Qxb1 Qd4 28.Bf3 
b5 29.Rd1 Qe3 30.Kg3 g5 31.Nf6+ Kg7 32.Nh5+ Kf8 33.Re1 bxa4 34.Qxb8 Qxe1+ 
35.Kg2 Qd2+ 36.Kf1 Qd3+ 37.Kf2 Qd4+ 38.Kf1 Qd3+ 39.Kf2 Qd4+ 40.Ke2 Qc4+ 
41.Kf2 1/2-1/2

[Event "53rd World U20 ch"]
[Site "Pune IND"]
[Date "2014.10.14"]
[Round "8.10"]
[White "Kovalev, Vladislav"]
[Black "Ben Artzi, Ido"]
[Result "1/2-1/2"]
[WhiteElo "2548"]
[BlackElo "2423"]
[EventDate "2014.10.06"]
[PlyCount "141"]

1.e4 d6 2.d4 Nf6 3.Nc3 g6 4.Bg5 Bg7 5.Qd2 c6 6.f4 O-O 7.e5 Nh5 8.O-O-O f6 
9.exf6 exf6 10.Bh4 Nxf4 11.Qxf4 g5 12.Qf2 gxh4 13.Qxh4 f5 14.Qxd8 Rxd8 15.
Nf3 Nd7 16.d5 Ne5 17.Nd4 Bd7 18.h3 Rf8 19.Be2 Rae8 20.Rhe1 Kh8 21.Bh5 Ng6 
22.Rf1 c5 23.Ndb5 Be5 24.Nc7 Re7 25.Rfe1 Nf4 26.Bf3 Rc8 27.Ne6 Nxe6 28.
dxe6 Bxe6 29.Nd5 Rg7 30.c3 b5 31.Kb1 a5 32.Nf4 Bxa2+ 33.Kxa2 Bxf4 34.g4 
fxg4 35.Bxg4 Rb8 36.Rf1 Be5 37.Rd3 b4 38.cxb4 axb4 39.Rdf3 Ra7+ 40.Kb3 Kg7
41.Be6 Re8 42.Bd5 Rae7 43.R1f2 Bd4 44.Rg2+ Kh6 45.Kc4 Re2 46.Rg4 R8e3 47.
Rh4+ Kg5 48.Rg4+ Kh6 49.Rh4+ Kg5 50.Rg4+ Kh5 51.Rf5+ Kh6 52.Rh4+ Kg6 53.
Rfh5 Bg7 54.Rxh7 Rc2+ 55.Kb5 Re5 56.Bc4 Rd2 57.Bg8 Rd4 58.Ba2 Rxh4 59.Rxh4
Re3 60.Rg4+ Kf6 61.Kc6 b3 62.Bb1 Re2 63.Rg6+ Kf7 64.Rxd6 Rxb2 65.Bd3 Bd4 
66.Bc4+ Ke8 67.Rg6 Rb1 68.Kd6 Rg1 69.Re6+ Kf8 70.Bxb3 Kg7 71.Re4 1/2-1/2

[Event "53rd World U20 ch"]
[Site "Pune IND"]
[Date "2014.10.14"]
[Round "8.11"]
[White "Gagare, Shardul"]
[Black "Dragun, Kamil"]
[Result "0-1"]
[WhiteElo "2419"]
[BlackElo "2546"]
[EventDate "2014.10.06"]
[PlyCount "106"]

1.c4 e5 2.g3 Nf6 3.Bg2 c6 4.d4 e4 5.Nc3 d5 6.Bg5 Nbd7 7.cxd5 cxd5 8.Qb3 
Bd6 9.e3 h6 10.Bxf6 Nxf6 11.Nge2 Rb8 12.O-O Be6 13.f3 O-O 14.fxe4 dxe4 15.
Qc2 Rc8 16.Qd2 Qe7 17.Rac1 Bc4 18.a3 b5 19.Bh3 Rc7 20.Rf2 a5 21.a4 b4 22.
Nb5 Bxb5 23.axb5 Rb8 24.Rxc7 Qxc7 25.Rf5 a4 26.Nc1 b3 27.Ne2 Qc2 28.Qxc2 
bxc2 29.Nc1 a3 30.b3 a2 31.Nxa2 Ra8 32.Nc1 Ra1 33.Rf1 Ba3 34.Ne2 Rxf1+ 35.
Kxf1 Nd5 36.b6 Nxb6 37.Bf5 Nd5 38.Bxe4 Nxe3+ 39.Kf2 c1=Q 40.Nxc1 Bxc1 41.
b4 Kf8 42.b5 Nc4 43.Ke2 Ke7 44.Kd3 Nb6 45.Bc6 f5 46.h3 Kd6 47.g4 f4 48.Ke4
g5 49.Kf5 Be3 50.Bf3 Nc4 51.b6 Nd2 52.b7 Kc7 53.Bd5 Bxd4 0-1

[Event "53rd World U20 ch"]
[Site "Pune IND"]
[Date "2014.10.14"]
[Round "8.12"]
[White "Csonka, Balazs"]
[Black "Rajpara, Ankit"]
[Result "1/2-1/2"]
[WhiteElo "2412"]
[BlackElo "2508"]
[EventDate "2014.10.06"]
[PlyCount "71"]

1.e4 c6 2.d4 d5 3.Nd2 dxe4 4.Nxe4 Bf5 5.Ng3 Bg6 6.Nh3 Nf6 7.Nf4 e5 8.Nxg6 
hxg6 9.dxe5 Qa5+ 10.Bd2 Qxe5+ 11.Qe2 Nbd7 12.O-O-O O-O-O 13.Qxe5 Nxe5 14.
h3 Bc5 15.f4 Ned7 16.Bc4 Rhf8 17.Rhf1 Nb6 18.Bd3 Nbd5 19.f5 Ne3 20.Bxe3 
Bxe3+ 21.Kb1 g5 22.Ne4 Nxe4 23.Bxe4 Rxd1+ 24.Rxd1 Re8 25.Bf3 Bf4 26.Rd4 
Re1+ 27.Rd1 Re7 28.c3 Kc7 29.Kc2 a5 30.a4 Bd6 31.Rd2 Re5 32.Bg4 Re4 33.Rd4
Re5 34.Rd2 Re4 35.Rd4 Re5 36.Rd2 1/2-1/2

[Event "53rd World U20 ch"]
[Site "Pune IND"]
[Date "2014.10.14"]
[Round "8.13"]
[White "Ider, Borya"]
[Black "Karthikeyan, Murali"]
[Result "1/2-1/2"]
[WhiteElo "2394"]
[BlackElo "2495"]
[EventDate "2014.10.06"]
[PlyCount "141"]

1.d4 Nf6 2.Nf3 e6 3.c4 c5 4.d5 b5 5.Bg5 exd5 6.cxd5 d6 7.e3 a6 8.a4 b4 9.
Nbd2 Be7 10.Nc4 a5 11.Bd3 O-O 12.Qc2 h6 13.Bxf6 Bxf6 14.Bf5 Ba6 15.Nfd2 
Nd7 16.Bxd7 Qxd7 17.O-O Rab8 18.Qb3 Qf5 19.Nxd6 Qe5 20.N2c4 Qxd5 21.Rfd1 
Qe6 22.Nxa5 Qxb3 23.Nxb3 c4 24.Nc5 Bxb2 25.Nxa6 c3 26.Nxb8 Rxb8 27.Ra2 c2 
28.Rf1 c1=Q 29.Rxc1 Bxc1 30.Ra1 Bb2 31.Rb1 Bc3 32.Nb5 Ra8 33.Nxc3 bxc3 34.
Rc1 Rxa4 35.Kf1 Ra3 36.Ke2 Ra2+ 37.Kf3 Ra3 38.Rc2 g5 39.Ke4 g4 40.f3 gxf3 
41.gxf3 Kg7 42.Kd3 Ra1 43.Kxc3 Kg6 44.Kd4 Ra4+ 45.Ke5 Ra5+ 46.Kf4 Ra4+ 47.
e4 f6 48.h4 h5 49.Rd2 Rb4 50.Rd6 Ra4 51.Ke3 Ra3+ 52.Rd3 Ra1 53.f4 Rh1 54.
f5+ Kg7 55.Rd7+ Kg8 56.Rd6 Kg7 57.Kd4 Rxh4 58.Kd5 Rf4 59.Rd7+ Kg8 60.Ke6 
Rxe4+ 61.Kxf6 Ra4 62.Kg6 Rg4+ 63.Kf6 Ra4 64.Rg7+ Kf8 65.Rh7 Ra6+ 66.Kg5 
Rb6 67.Kxh5 Ra6 68.Kg5 Rb6 69.Rh6 Rxh6 70.Kxh6 Kf7 71.f6 1/2-1/2

[Event "53rd World U20 ch"]
[Site "Pune IND"]
[Date "2014.10.14"]
[Round "8.14"]
[White "Bersamina, Paulo"]
[Black "Grover, Sahaj"]
[Result "1-0"]
[WhiteElo "2380"]
[BlackElo "2491"]
[EventDate "2014.10.06"]
[PlyCount "101"]

1.e4 e6 2.d4 d5 3.Nc3 Nf6 4.exd5 exd5 5.Bg5 Be7 6.Bd3 c6 7.Nge2 Bg4 8.f3 
Bh5 9.Qd2 Nbd7 10.O-O-O Bg6 11.Rde1 Bxd3 12.Qxd3 O-O 13.Ng3 Re8 14.Nf5 Bf8
15.Rxe8 Qxe8 16.g4 g6 17.Ng3 Bg7 18.h4 Qe6 19.h5 Re8 20.Bf4 Nb6 21.Nce2 
Nfd7 22.Kb1 c5 23.c3 Nc4 24.Bc1 Qb6 25.hxg6 hxg6 26.b3 Na5 27.Qc2 Nc6 28.
Nf4 cxd4 29.Nxg6 dxc3 30.Nf4 Nb4 31.Qh7+ Kf8 32.Ba3 Nc5 33.Bxb4 Qxb4 34.
Ngh5 c2+ 35.Qxc2 Bh8 36.Nxd5 Qd4 37.Nhf6 Bxf6 38.Nxf6 Qxf6 39.Qxc5+ Kg7 
40.Qc2 Qg6 41.Qxg6+ Kxg6 42.Rc1 Re7 43.Kb2 b6 44.f4 f6 45.a4 Rh7 46.Ka3 
Rh4 47.Rc7 a5 48.f5+ Kg5 49.Rc6 Rxg4 50.Rxb6 Rf4 51.Rb5 1-0

[Event "53rd World U20 ch"]
[Site "Pune IND"]
[Date "2014.10.14"]
[Round "8.15"]
[White "Cabarkapa, Novak"]
[Black "Tari, Aryan"]
[Result "0-1"]
[WhiteElo "2379"]
[BlackElo "2450"]
[EventDate "2014.10.06"]
[PlyCount "36"]

1.e4 c6 2.d4 d5 3.e5 Bf5 4.h4 h5 5.c4 e6 6.Nc3 Ne7 7.Nge2 Nd7 8.Ng3 Bg6 9.
Bg5 Qb6 10.Qd2 dxc4 11.Bxc4 O-O-O 12.Qe2 Qxd4 13.O-O Qxe5 14.Qf3 Qd4 15.
Qe2 Qg4 16.f3 Qxg3 17.f4 Qg4 18.Qf2 Qf5 0-1

[Event "53rd World U20 ch"]
[Site "Pune IND"]
[Date "2014.10.14"]
[Round "8.16"]
[White "Prasanna, Raghuram Rao"]
[Black "Prince, Bajaj"]
[Result "1-0"]
[WhiteElo "2447"]
[BlackElo "2369"]
[EventDate "2014.10.06"]
[PlyCount "125"]

1.d4 Nf6 2.c4 e6 3.Nc3 Bb4 4.a3 Bxc3+ 5.bxc3 d5 6.Nf3 O-O 7.e3 b6 8.Bd3 
Ba6 9.cxd5 exd5 10.O-O c5 11.a4 Re8 12.Ba3 Ne4 13.Bxa6 Nxa6 14.Qd3 c4 15.
Qc2 Nb8 16.Nd2 Nxd2 17.Qxd2 Nc6 18.Rae1 Qd7 19.f3 Na5 20.e4 Qxa4 21.Bd6 
Qd7 22.Qf4 Nb3 23.Qg3 f5 24.e5 Re6 25.Qf4 Qf7 26.Kh1 a5 27.Re2 Rae8 28.
Ref2 h6 29.g4 fxg4 30.Qxg4 Rg6 31.Qh3 Qf4 32.Qd7 Ree6 33.Ba3 Qe3 34.Qxd5 
Qxc3 35.f4 Qxd4 36.Qa8+ Kh7 37.f5 Qxe5 38.fxg6+ Rxg6 39.Rf8 Rg4 40.Rh8+ 
Kg6 41.Qc6+ Kh5 42.Re8 Qd4 43.Qe6 Nd2 44.Qe5+ Qxe5 45.Rxe5+ g5 46.Rc1 Ne4 
47.Rc2 Kh4 48.Bc1 Nc5 49.Be3 Nd3 50.Re6 h5 51.Bxb6 Rf4 52.Bc7 Rd4 53.Kg2 
Kg4 54.Re3 a4 55.Be5 Nxe5 56.Rxe5 h4 57.h3+ Kh5 58.Ra5 Rd3 59.Rxa4 c3 60.
Rc4 Rg3+ 61.Kh2 Rd3 62.R4xc3 Rd4 63.Rc5 1-0

[Event "53rd World U20 ch"]
[Site "Pune IND"]
[Date "2014.10.14"]
[Round "8.17"]
[White "Rajdeep, Sarkar"]
[Black "Das, Sayantan"]
[Result "1/2-1/2"]
[WhiteElo "2145"]
[BlackElo "2456"]
[EventDate "2014.10.06"]
[PlyCount "135"]

1.d4 Nf6 2.Nf3 e6 3.c4 c5 4.g3 cxd4 5.Nxd4 Qb6 6.Nc3 Nc6 7.Nc2 Ne5 8.Ne3 
Nfg4 9.Nxg4 Nxg4 10.e3 Ne5 11.Qe2 Qc6 12.e4 Bc5 13.f4 Ng6 14.Be3 O-O 15.
Bxc5 Qxc5 16.Qf2 Qc6 17.O-O-O a6 18.Qd2 f5 19.Bd3 fxe4 20.Bxe4 Qc5 21.Qd6 
Qxd6 22.Rxd6 Rb8 23.c5 Ne7 24.Na4 Nf5 25.Bxf5 Rxf5 26.Re1 Rh5 27.h4 b5 28.
cxb6 Kf8 29.b4 a5 30.Re5 g6 31.bxa5 Ra8 32.Nc5 Rxe5 33.fxe5 Rxa5 34.Nxd7+ 
Ke7 35.Nf6 Rxe5 36.Rc6 Ba6 37.Nxh7 Re1+ 38.Kb2 Bd3 39.Rc1 Re2+ 40.Kb3 Be4 
41.a4 Kd6 42.Nf6 Bc6 43.a5 Re5 44.Ra1 Rf5 45.Rd1+ Kc5 46.Nd7+ Kb5 47.Nb8 
Bf3 48.Ra1 Rf7 49.a6 Kxb6 50.a7 Ba8 51.Ra6+ Kb7 52.Rxe6 Rf3+ 53.Kc4 Kxa7 
54.Rxg6 Kxb8 55.h5 Be4 56.Rg7 Kc8 57.Kd4 Bc2 58.g4 Kd8 59.g5 Ke8 60.Rc7 
Bb1 61.Rc1 Rf5 62.Rxb1 Rxg5 63.h6 Rh5 64.Rb8+ Kf7 65.h7 Rxh7 66.Rb7+ Kg6 
67.Rxh7 Kxh7 68.Ke4 1/2-1/2